Regional Structure of Foreign Direct Investment in Slovakia – A District-level Gravity-type Model 2009 – 2016

Model gravitačného typu, skúmajúci zásoby priamych zahraničných investícií na Slovensku, na úrovni okresov s použitím Poissonovej metódy odhadu PPML, založenom na najnovších údajoch, zostavených Národnou bankou Slovenska.

Na minha lista:
Detalhes bibliográficos
Autor principal: Dudáš, Tomáš, 1976-
Outros Autores: Grančay, Martin, 1984-2024
Formato: Capítulo de Livro
Idioma:inglês
Assuntos:
Tags: Adicionar Tag
Sem tags, seja o primeiro a adicionar uma tag!

MARC

LEADER 00000naa a2200000 4500
001 0258991
005 20240502074110.5
041 0 |a eng 
044 |a SK 
245 1 0 |a Regional Structure of Foreign Direct Investment in Slovakia – A District-level Gravity-type Model 2009 – 2016  |c Tomáš Dudáš, Martin Grančay 
520 |a Model gravitačného typu, skúmajúci zásoby priamych zahraničných investícií na Slovensku, na úrovni okresov s použitím Poissonovej metódy odhadu PPML, založenom na najnovších údajoch, zostavených Národnou bankou Slovenska. 
610 2 0 |a Slovensko 
610 2 0 |a okresy 
610 2 0 |a rozvoj regionálny 
610 2 0 |a investície priame zahraničné 
610 2 0 |a modely ekonometrické 
100 1 |a Dudáš, Tomáš, 1976- 
700 1 |a Grančay, Martin, 1984-2024